Movies Quiz

Random Movies or Musical Quiz

Everything is Awesome! Lyrics (Lego Movie) Quiz Stats

Quiz Updated Jan 30, 2017

Challenge
Share
Tweet
Embed
Score 0/294 Timer 10:00
1 Play Today
Song Lyrics % Correct
A
98.9%
A
98.9%
A
98.9%
A
98.9%
A
98.9%
A
98.9%
A
98.9%
A
98.9%
A
98.9%
A
98.9%
Is
95.7%
Is
95.7%
Is
95.6%
Is
95.6%
Is
95.6%
Is
95.6%
Is
95.6%
Is
95.6%
Is
95.6%
Is
95.6%
Is
95.6%
Is
95.6%
Is
95.6%
Is
95.6%
Is
95.6%
Is
95.6%
Is
95.6%
Everything
95.1%
Everything
95.1%
Everything
95.1%
Everything
95%
Everything
95%
Everything
95%
Everything
95%
Everything
95%
Everything
95%
Everything
95%
Everything
95%
Everything
95%
EVERYTHING
95%
Everything
95%
Everything
95%
Everything
95%
Everything
95%
Awesome
94.5%
Awesome,
94.5%
Awesome
94.4%
Awesome,
94.4%
Awesome
94.4%
Awesome
94.4%
Awesome
94.4%
Awesome
94.4%
Awesome
94.4%
Awesome
94.4%
Awesome
94.4%
Awesome
94.4%
Awesome
94.4%
Awesome,
94.4%
Awesome
94.4%
Awesome,
94.4%
Awesome
94.4%
Awesome
94.4%
Awesome
94.4%
Awesome
94.4%
Awesome
94.4%
Awesome,
94.4%
The
93.4%
The
93.4%
The
93.4%
The
93.4%
The
93.4%
I
92.6%
I
92.5%
I,
92.5%
And
89.3%
And
89.3%
And
89.3%
And
89.3%
And
89.3%
And
89.3%
And
89.3%
You
87.1%
You,
87.1%
You
87.1%
You
87.1%
You,
87.1%
You
87.1%
You
87.1%
(Wooo)
84.4%
When
82.1%
When
82.1%
When
82.1%
When
82.1%
When
82.1%
When
82.1%
When
82.1%
When
82.1%
When
82.1%
Song Lyrics % Correct
When
82.1%
Of
79.2%
Of
79.1%
Of
79.1%
Of
79.1%
Of
79.1%
Of
79.1%
We
77.4%
We
77.4%
We
77.4%
Cool
76.9%
Cool
76.9%
Cool
76.9%
Cool
76.9%
You're
74.1%
You're
74.1%
You're
74.1%
You're
74.1%
You're
74.1%
You're
74.1%
Team
73.9%
Team
73.9%
Team
73.9%
Team
73.9%
Part
72.7%
Part
72.7%
Part
72.7%
Part
72.7%
Dream
56.8%
Dream
56.8%
Dream
56.8%
Dream
56.8%
Living
53.6%
Living
53.6%
Living
53.6%
Living
53.6%
To
52.6%
To
52.6%
To
52.3%
In
51.8%
In
51.8%
In
51.8%
In
51.8%
We're
48%
We're
48%
We're
48%
We're
48%
We're
48%
We're
48%
We're
48%
We're
48%
An
48%
GO
43.1%
Our
43%
Our
43%
Our
43%
Our
43%
Are
42.6%
Me,
39.8%
Me,
39.8%
Together
37.8%
Together
37.8%
For
37.7%
1.
29.1%
2,
28.8%
Like
28.5%
Like
28.5%
Like
28.5%
Like
28.5%
Like
28.5%
My
28.5%
My
28.5%
My
28.5%
3,
27.6%
Two
27.6%
Three
27.6%
All
27.1%
All
27.1%
By
27.1%
By
27.1%
Better
27%
Better
27%
Good
26.8%
It's
26.8%
It's
26.8%
It's
26.8%
(It's
26.8%
I'm
26.7%
I'm
26.7%
Have
26.2%
Stick
24.7%
Stick
24.7%
Forever,
22.2%
Forever
22.2%
Forever,
22.2%
Forever
22.2%
New
21.7%
New
21.7%
Song Lyrics % Correct
New
21.7%
Or
21.2%
Or
21.2%
Party
20.9%
Party
20.9%
Side
20.7%
Side,
20.7%
Side
20.7%
Side,
20.7%
Let's
20.1%
Let's
20.1%
See,
20.1%
Life
19.8%
Time
19.5%
Same,
19.1%
Same
19.1%
Just
19.1%
Win
19%
Win,
19%
Win
19%
Working
18.9%
Working
18.9%
Best
18.6%
Harmony
18.2%
Harmony
18.2%
More
18%
More
18%
Know
17.8%
Off
17.7%
Heard
17.5%
Than
17.2%
They're
17.2%
They're
17.2%
Say
17.1%
'Cause
16.8%
News,
16.3%
Gonna
16.1%
Gonna
16.1%
Frostin'
16.1%
Frostin'
16.1%
Job,
15.4%
Chocolate
15.2%
Got
15.2%
Things
15.1%
Feel
15.1%
Think,
14.9%
Opossum
14.6%
Socks
14.3%
Lose)
13.8%
Lose
13.7%
Years
13.6%
Lost
13.5%
Later,
13%
Shoes
12.9%
Very
12.9%
Dip
12.7%
Community
12.6%
Body
12.6%
Opportunity
12.5%
Clocks,
12%
What's
12%
Free
12%
Talking
11.9%
Brown
11.8%
Wash
11.8%
Rocks,
11.8%
Mud,
11.5%
Named
11.1%
Everyone's
11%
Blossom,
11%
Everything's
11%
Smellin'
10.9%
Blue
10.8%
Piece
10.7%
Old
10.7%
Book
10.6%
String
10.6%
Clogs
10.4%
Stepped
10.4%
Trees,
10.1%
Frogs,
10.1%
Greek
10.1%
Antiquities
9.7%
Twigs
9.6%
Skies,
9.6%
Pants,
9.5%
Dogs
9.3%
Nobel
9.3%
Prize,
9.2%
Figs,
9.1%
Springs
9.1%
Vest
9.1%
Jigs,
9.1%
Bouncy
9.1%
Allergies,
9.1%
Brand
8.4%
Items
8.4%
Fleas,
7.8%

You're not logged in!

Compare scores with friends on all Sporcle quizzes.
Join for Free
OR
Log In

You Might Also Like...

Show Comments

Extras

Top Quizzes Today


Score Distribution

Your Account Isn't Verified!

In order to create a playlist on Sporcle, you need to verify the email address you used during registration. Go to your Sporcle Settings to finish the process.

Report this User

Report this user for behavior that violates our Community Guidelines.

Details: